000 00298nam a2200145Ia 4500
100 _aRao/P.N.
650 _aPRODUCTION
942 _cBK
366 _f20
245 _aCAD/CAM: PRINCIPLES AND APPLICATIONS
260 _b#N/A
_c2012
082 _a670.285/RAO
300 _a768
546 _aENGLISH
999 _c33419
_d33419